| 000 | 00470nam a2200181Ia 4500 | ||
|---|---|---|---|
| 008 | 240925s9999 xx 000 0 und d | ||
| 020 | _a9788131731598 | ||
| 082 | _a332.10954 SID | ||
| 100 | _aThummuluri, Siddaiah | ||
| 245 | 0 | _aFinancial Services | |
| 250 | _aNA | ||
| 260 |
_aNew Delhi: _bPearson Education _c,2011. |
||
| 300 |
_aVarious pages _b0 _fOriginal |
||
| 500 | _aIncludes Index | ||
| 600 | _aSocial Sciences | ||
| 650 | _aSocial Sciences | ||
| 942 | _cBK | ||
| 999 |
_c16325 _d16325 |
||